Szczegóły MARC21

Modelowanie, badania eksperymentalne i ocena jakości oświetlenia sylwetki pieszego na przejściu dla pieszych /

003 -Nazwa inst., której nr kontr. jest w polu 001 [,]
    • @
    • Nazwa instytucji, której n kontrolny jest w polu 001
    • NUKAT
005 -DATA I CZAS OSTATNIEJ MODYFIKACJI [,]
    • @
    • pole kontrolne
    • 20241231110150.0
020 -Międzynarod. znormalizowany nr książki - ISBN [ , ]
    • a
    • Numer ISBN
    • 9788378141129 Find
040 -Instytucja sporządzająca opis [ , ]
    • a
    • Instytucja, która sporządziła opis (NP)
    • WA 72/CAR
    • c
    • Instytucja, która sporządziła rekord (NP)
    • WA 72/CAR
    • d
    • Instytucja, która zmodyfikowała rekord (P)
    • WA 72/OMK
    • d
    • Instytucja, która zmodyfikowała rekord (P)
    • GD 015/EOs
    • d
    • Instytucja, która zmodyfikowała rekord (P)
    • KR 93/BJs
041 -Język dokumentu [0, ]
    • a
    • Język tekstu (P)
    • polski
    • b
    • Język streszczeń lub abstraktu (P)
    • angielski
942 -Rodzaj dokumentu [ , ]
    • c
    • Rodzaj dokumentu
    • Książka
100 -Hasło główne - nazwa osobowa [1, ]
    • a
    • Nazwa osobowa (NP)
    • Tomczuk, Piotr.
    • 9
    • KHW
    • 71494
245 -Strefa tytułu i oznaczenia odpowiedzialności [1,0]
    • a
    • Tytuł
    • Modelowanie, badania eksperymentalne i ocena jakości oświetlenia sylwetki pieszego na przejściu dla pieszych / Find
    • c
    • Pozostałe elementy strefy tytułu i oznaczenia odpowiedzialności (NP)
    • Piotr Tomczuk.
246 -Wariant tytułu [1, ]
    • a
    • Tytuł (NP)
    • Modeling, experimental researches and quality assessment of pedestrian figure lighting on pedestrian crossing
260 -Strefa adresu wydawniczego [ , ]
    • a
    • Miejsce wydania (P)
    • Warszawa :
    • b
    • Nazwa wydawcy (P)
    • Oficyna Wydawnicza Politechniki Warszawskiej,
    • c
    • Data wydania (P)
    • 2013.
300 -Strefa opisu fizycznego [ , ]
    • a
    • Określenie formy książki i/lub objętość (NP)
    • 185 s. ;
    • b
    • Oznaczenie ilustracji (NP)
    • il. (w tym kolor.) ;
    • c
    • Format (NP)
    • 23 cm.
336 -Typ zawartości [ , ]
    • a
    • Termin opisujący typ zawartości
    • Tekst
    • b
    • Kod określający zawartość
    • txt
    • 2
    • Źródło (terminu i kodu)
    • rdacontent
337 -Typ mediów [ , ]
    • a
    • Tryb odtwarzania
    • Bez urządzenia pośredniczącego
    • b
    • Kod typu mediów
    • n
    • 2
    • Źródło (terminu i kodu)
    • rdamedia
338 -Typ/rodzaj nośnika [ , ]
    • a
    • Hasło opisujące typ nośnika
    • Wolumin
    • b
    • Kod typu nośnika
    • nc
    • 2
    • Źródło (terminu i kodu)
    • rdacarrier
490 -Strefa serii i książki wielotomowej - forma nie do wyszukiwania [1, ]
    • a
    • Tytuł (P)
    • Prace Naukowe / Politechnika Warszawska. Transport, Find
    • x
    • ISSN (NP)
    • 1230-9265 ;
    • v
    • Numeracja (P)
    • z. 91
830 -Hasło dodatkowe serii i opisu książki wielotomowej - tytuł ujednolicony/tytuł [ ,0]
    • a
    • Tytuł ujednolicony/tytuł (NP)
    • Prace Naukowe - Politechnika Warszawska.
    • p
    • Nazwa części/podserii/sekcji (P)
    • Transport
    • x
    • ISSN
    • 1230-9265
    • v
    • Oznaczenie tomu (NP)
    • z. 91
    • 9
    • KHW
    • 98
500 -Uwaga ogólna [ , ]
    • a
    • Uwaga ogólna (NP)
    • Tyt. wg okł.
504 -Uwaga dot. bibliogr. załącznikowej [ , ]
    • a
    • Uwaga dot. bibliografii załącznikowej
    • Bibliogr. s. 167-178.
546 -Uwaga dot. języka [ , ]
    • a
    • Uwaga dot. języka
    • Streszcz. w jęz. ang.
080 -Uniwersalna Klasyfikacja Dziesiętna [ , ]
    • 2
    • Identyfikator wydania tablic
    • UDC-P058
    • 9
    • UKD
    • 5550
    • a
    • Symbol klasyfikacji
    • 656.1.05
    • b
    • Dopowiedzenie
    • Regulowanie ruchu. Sygnalizacja. Znaki drogowe.
080 -Uniwersalna Klasyfikacja Dziesiętna [ , ]
    • 2
    • Identyfikator wydania tablic
    • UDC-P058
    • 9
    • UKD
    • 4077
    • a
    • Symbol klasyfikacji
    • 519.86
    • b
    • Dopowiedzenie
    • Teoria modeli matematycznych. Modele sterowania ekonomicznego.
650 -Hasło przedmiotowe [ ,7]
    • a
    • Hasło przedmiotowe
    • Strefy dla pieszych.
    • 2
    • Źródło terminu
    • kaba
    • 9
    • KHW
    • 159763
650 -Hasło przedmiotowe [ ,7]
    • a
    • Hasło przedmiotowe
    • Drogi
    • x
    • Określnik rzeczowy
    • oświetlenie.
    • 2
    • Źródło terminu
    • kaba
    • 9
    • KHW
    • 106405
650 -Hasło przedmiotowe [ ,7]
    • a
    • Hasło przedmiotowe
    • Światła ruchu drogowego.
    • 2
    • Źródło terminu
    • kaba
    • 9
    • KHW
    • 140725
980 -Symbol UKD [ , ]
    • a
    • UKD
    • 656.1.05:519.86
710 -Hasło dodatkowe - nazwa ciała zbiorowego [2, ]
    • a
    • Nazwa ciała zbiorowego lub nazwa geograficzna jako pierwszy element (NP)
    • Politechnika Warszawska.
    • b
    • Nazwa jednostki podrzędnej (P)
    • Oficyna Wydawnicza.
    • 4
    • Kod relacji
    • pbl
    • 9
    • KHW
    • 54175
920 -ISBN [ , ]
    • a
    • ISBN
    • 978-83-7814-112-9 Find
931 -Powiązanie tyt. z wydaw. ciągłym [ , ]
    • a
    • Powiązanie tytułówki z wydaw. ciągłym
    • PATRZ WYDAWNICTWO CIĄGŁE
    • z
    • Numer rek. powiązanego
    • 120571